[Event "Mumbai Wealth rating op 4th"]
[Site "Mumbai"]
[Date "2019.01.06"]
[Round "8"]
[White "Deshpande, Jatin N"]
[Black "Thatte, Ashish P"]
[Result "1/2-1/2"]
[WhiteElo "1564"]
[BlackElo "1957"]
[PlyCount "108"]
[EventDate "2018.12.30"]
[EventType "swiss"]
[EventRounds "9"]
[EventCountry "IND"]
[SourceTitle "CBM 188 Extra"]
[Source "ChessBase"]
[SourceDate "2019.02.26"]
[SourceVersion "1"]
[SourceVersionDate "2019.02.26"]
[SourceQuality "1"]

1. d4 Nf6 2. c4 c5 3. Nf3 g6 4. Nc3 Bg7 5. g3 0-0 6. Bg2 cxd4 7. Nxd4 Nc6 8. 0-0 d6 9. Nxc6 bxc6 10. Bxc6 Rb8 11. Qa4 Bh3 12. Bg2 Bxg2 13. Kxg2 Qd7 14. Rb1 Qb7+ 15. Kg1 Ne4 16. Nxe4 Qxe4 17. Be3 Rxb2 18. Rxb2 Bxb2 19. Qb3 Bf6 20. Rc1 h5 21. Qc2 Qg4 22. Bxa7 h4 23. Rb1 hxg3 24. hxg3 Qd7 25. Be3 Kg7 26. Kg2 Rc8 27. Rc1 Be5 28. Qe4 f5 29. Qd3 Ra8 30. a3 Qb7+ 31. f3 Qb2 32. Rb1 Qxa3 33. f4 Bf6 34. Qxa3 Rxa3 35. Kf2 Rc3 36. Rc1 Kf7 37. Rxc3 Bxc3 38. Kf3 e5 39. fxe5 dxe5 40. g4 Ke6 41. gxf5+ gxf5 42. Bc5 Bd2 43. e3 e4+ 44. Kf4 Ba5 45. Bd4 Bc7+ 46. Kg5 Bd8+ 47. Kg6 Bh4 48. Bc5 Bf2 49. Kg5 Be1 50. Bd4 Ba5 51. Bc5 Bd8+ 52. Kf4 Bf6 53. Bb6 Bg7 54. Kg5 Bf6+ 1/2-1/2

[Event "Mumbai Wealth rating op 4th"]
[Site "Mumbai"]
[Date "2018.12.30"]
[Round "1"]
[White "Thatte, Ashish P"]
[Black "Kunder, Pratik"]
[Result "1-0"]
[WhiteElo "1957"]
[BlackElo "1300"]
[PlyCount "51"]
[EventDate "2018.12.30"]
[EventType "swiss"]
[EventRounds "9"]
[EventCountry "IND"]
[SourceTitle "CBM 188 Extra"]
[Source "ChessBase"]
[SourceDate "2019.02.26"]
[SourceVersion "1"]
[SourceVersionDate "2019.02.26"]
[SourceQuality "1"]

1. d4 Nf6 2. c4 d6 3. Nc3 g6 4. e4 Bg7 5. Nf3 0-0 6. Be2 Nbd7 7. 0-0 c6 8. Be3 Qc7 9. Qd2 a6 10. Rac1 e5 11. dxe5 dxe5 12. h3 Re8 13. Rfd1 Bf8 14. Qc2 Nc5 15. b4 Ne6 16. c5 Nh5 17. Na4 Nhf4 18. Bf1 Be7 19. Qb2 Ng5 20. Nxe5 Nfxh3+ 21. gxh3 Qxe5 22. Qxe5 Nf3+ 23. Kg2 Nxe5 24. Nb6 Rb8 25. Nxc8 Rbxc8 26. f4 1-0

[Event "Mumbai Wealth op"]
[Site "Mumbai"]
[Date "2016.02.01"]
[Round "5"]
[White "Joglekar, Abhijit"]
[Black "Thatte, Ashish P"]
[Result "1/2-1/2"]
[WhiteElo "1696"]
[BlackElo "2100"]
[PlyCount "123"]
[EventDate "2016.01.28"]
[EventType "swiss"]
[EventRounds "9"]
[EventCountry "IND"]
[SourceTitle "CBM 170 Extra"]
[Source "ChessBase"]
[SourceDate "2016.02.25"]
[SourceVersion "1"]
[SourceVersionDate "2016.02.25"]
[SourceQuality "1"]

1. d4 Nf6 2. c4 c5 3. d5 b5 4. Nf3 g6 5. cxb5 a6 6. b6 Bg7 7. Nc3 Qxb6 8. e4 d6 9. Bc4 Bg4 10. 0-0 Nbd7 11. h3 Bxf3 12. Qxf3 Ne5 13. Qe2 Nxc4 14. Qxc4 0-0 15. Rb1 Rfb8 16. Qe2 Nd7 17. Bd2 a5 18. Kh1 Qa6 19. Qe1 Ne5 20. b3 Nd3 21. Qe3 Nb4 22. f4 Qd3 23. Qxd3 Nxd3 24. Rf3 Nb4 25. a4 f5 26. exf5 gxf5 27. Rd1 Rc8 28. Nb5 c4 29. Bc3 Bxc3 30. Rxc3 cxb3 31. Rxb3 Rc4 32. Re3 Kf7 33. g3 Rac8 34. Rd2 Rc2 35. Ree2 Rxd2 36. Rxd2 Rc1+ 37. Kg2 Ra1 38. Nd4 Rxa4 39. Nxf5 Ra2 40. Rxa2 Nxa2 41. Kf3 Nc3 42. Ke3 Nxd5+ 43. Kd4 Nf6 44. g4 a4 45. Ne3 Kg6 46. Kc4 Ne4 47. Kb4 Nf2 48. h4 Nxg4 49. Nxg4 Kh5 50. Ne3 Kxh4 51. Nf5+ Kg4 52. Nxe7 Kxf4 53. Nd5+ Ke5 54. Ne3 h5 55. Ng2 Ke4 56. Kxa4 Kf3 57. Nh4+ Kg4 58. Ng2 h4 59. Nxh4 Kxh4 60. Kb4 Kg5 61. Kc4 Kf6 62. Kd5 1/2-1/2

[Event "Mumbai Mayors Cup 1st"]
[Site "Mumbai"]
[Date "2008.05.15"]
[Round "7"]
[White "Thatte, Ashish P"]
[Black "Palit, Somak"]
[Result "0-1"]
[WhiteElo "2136"]
[BlackElo "2368"]
[PlyCount "62"]
[EventDate "2008.05.11"]
[EventType "swiss"]
[EventRounds "11"]
[EventCountry "IND"]
[SourceTitle "CBM 124 Extra"]
[Source "ChessBase"]
[SourceDate "2008.07.03"]
[SourceVersion "1"]
[SourceVersionDate "2008.07.03"]
[SourceQuality "1"]

1. a3 d5 2. c4 Nf6 3. cxd5 Nxd5 4. Qc2 e5 5. e3 Bd6 6. Nc3 Nb6 7. Nf3 Be6 8. b4 N8d7 9. Bb2 0-0 10. h4 h6 11. Ne4 f5 12. Nc5 Bd5 13. d3 Qe7 14. h5 Bxf3 15. gxf3 Nxc5 16. bxc5 Bxc5 17. Rg1 Nd7 18. Be2 Kh8 19. Kd2 f4 20. Rg6 Nf6 21. exf4 Bd4 22. Rag1 Rf7 23. fxe5 Qxe5 24. f4 Qxf4+ 25. Kd1 Bxb2 26. Qxb2 Re8 27. Qxb7 Rfe7 28. Bf3 Qa4+ 29. Kd2 Qxa3 30. Qc6 Qb2+ 31. Qc2 Re2+ 0-1

[Event "Mumbai Mayors Cup 1st"]
[Site "Mumbai"]
[Date "2008.05.14"]
[Round "5"]
[White "Thakur, Akash"]
[Black "Thatte, Ashish P"]
[Result "1-0"]
[WhiteElo "2300"]
[BlackElo "2136"]
[PlyCount "79"]
[EventDate "2008.05.11"]
[EventType "swiss"]
[EventRounds "11"]
[EventCountry "IND"]
[SourceTitle "CBM 124 Extra"]
[Source "ChessBase"]
[SourceDate "2008.07.03"]
[SourceVersion "1"]
[SourceVersionDate "2008.07.03"]
[SourceQuality "1"]

1. e4 c5 2. Nf3 a6 3. c4 e6 4. Nc3 Nc6 5. d4 cxd4 6. Nxd4 Qc7 7. Nc2 d6 8. Be2 Bd7 9. 0-0 Nf6 10. b3 h5 11. Ne3 Be7 12. h3 g5 13. Bb2 Ne5 14. Rc1 Qb6 15. Qd2 0-0-0 16. Ncd5 exd5 17. Nxd5 Nxd5 18. cxd5+ Nc6 19. Bd4 Qc7 20. dxc6 Bxc6 21. Bxh8 Rxh8 22. Qc3 Qd8 23. Bxa6 Kb8 24. Qd4 Bf6 25. Qb4 Qd7 26. a4 g4 27. Bb5 Bxb5 28. Qxb5 Qe7 29. h4 Bd4 30. Qd5 Ba7 31. g3 Qf6 32. a5 Rh6 33. a6 bxa6 34. Qc4 Qd8 35. Qxa6 Rf6 36. Qb5+ Bb6 37. Rc6 Kb7 38. Ra1 Rf3 39. Ra6 Rxg3+ 40. Kf1 1-0